000 00850 a2200217 4500
003 UA-OsUOA
005 20260427162246.0
008 260427b un ||||| |||| 00| 0 ukr d
040 _aUA-OsUOA
_bukr
_cUA-OsUOA
_dUA-OsUOA
041 _aukr
080 _a050
090 _a050
_bЖ66
245 _aЖіночий світ
_nч. 3-4
_cред. Анна Вах
260 _bОрганізація Українок Канади ім. Ольги Басараб
_cберезень-квітень 1999
_aВінніпеґ
300 _a48 с.
520 _aРік XLX березень-квітень 1999 ч. 3-4 (574-575)
650 _2UDC
_a050 Серіальні видання. Періодика
_93723
942 _cMG
_2udc
955 _a4
999 _c580577
_d580577